| 000 | 00691 a2200229 4500 | ||
|---|---|---|---|
| 005 | 20260427124750.0 | ||
| 008 | 260427b |||||||| |||| 00| 0 eng d | ||
| 020 | _a9786000206178 (pbk) | ||
| 037 | _cTB | ||
| 040 |
_aCRL _cCRL |
||
| 041 |
_2PER _aPER |
||
| 084 |
_aO164:g R2 _qCRL |
||
| 100 |
_aPaindah, Hussain _9853324 |
||
| 245 | _aNazariya-o-naqad adbi | ||
| 260 |
_aTehran, Iran: _bDanishgahi dar uloom, _c2022. |
||
| 300 | _a545p. | ||
| 365 |
_b2000.00 _cINR |
||
| 650 | _aPersian Literature | ||
| 650 | _aCriticism | ||
| 942 |
_cTB _2CC _hO164:g R2 |
||
| 999 |
_c1465640 _d1465640 |
||